[Event "BRA-ch U26"]
[Site "Brasilia"]
[Date "2024.10.14"]
[Round "1"]
[White "Do Nascimento, Andre Luiz Nunes"]
[Black "Da Silva, Erick Feitosa"]
[Result "0-1"]
[WhiteElo "1846"]
[BlackElo "2052"]
[PlyCount "90"]
[EventDate "2024.10.14"]
[EventType "swiss"]
[EventRounds "6"]
[EventCountry "BRA"]
[SourceTitle "CB43_2024"]
[Source "Chessbase"]
[SourceDate "2024.10.23"]
[SourceVersion "1"]
[SourceVersionDate "2024.10.23"]
[SourceQuality "1"]

1. Nc3 d5 2. d4 Nf6 3. e3 e6 4. Bd2 c5 5. Bd3 Nc6 6. Nf3 a6 7. a4 cxd4 8. exd4 Qb6 9. 0-0 Nxd4 10. Nxd4 Qxd4 11. Re1 Bd7 12. Qe2 Qb6 13. Bg5 Bc6 14. Bxf6 gxf6 15. Qh5 0-0-0 16. Qxf7 Bd7 17. Qxf6 Bc5 18. b4 Bd4 19. Nxd5 exd5 20. Qxb6 Bxb6 21. Kf1 h5 22. a5 Bd4 23. Rab1 Rhf8 24. f3 Rde8 25. Rxe8+ Rxe8 26. b5 axb5 27. Bxb5 Bxb5+ 28. Rxb5 Rd8 29. h3 h4 30. Rb4 Bf6 31. Rf4 Rd6 32. Ke2 Kd7 33. Rb4 Kc7 34. Rb5 Bd8 35. Kd3 Kc6 36. Rb4 Rg6 37. c4 d4 38. Rb2 Rg5 39. Ra2 Rxa5 40. Rxa5 Bxa5 41. Kxd4 Bc7 42. c5 Bg3 43. Ke4 Kxc5 44. f4 b5 45. f5 Bd6 0-1

[Event "Titled Tuesday intern op 30th Jul Early"]
[Site "Chess.com INT"]
[Date "2024.07.30"]
[Round "1"]
[White "Da Silva, Erick Feitosa"]
[Black "Aarav, Dengla"]
[Result "0-1"]
[WhiteElo "2052"]
[BlackElo "2381"]
[PlyCount "80"]
[EventDate "2024.07.30"]
[EventType "swiss (blitz)"]
[EventRounds "11"]
[EventCountry "USA"]
[SourceTitle "EXT 2025"]
[Source "ChessBase"]
[SourceDate "2024.10.14"]
[SourceVersion "1"]
[SourceVersionDate "2024.10.14"]
[SourceQuality "1"]

1. c4 e6 2. Nc3 d5 3. e3 Nf6 4. Nf3 c6 5. d4 Nbd7 6. Bd3 Bd6 7. 0-0 dxc4 8. Bxc4 b5 9. Bd3 Bb7 10. a3 0-0 11. Re1 Qe7 12. e4 e5 13. Qc2 a6 14. h3 c5 15. d5 c4 16. Bf1 Nc5 17. Nh4 Bc8 18. Be3 Nb3 19. Rad1 Rb8 20. Nf3 Nh5 21. Nd2 Nd4 22. Qb1 g6 23. Be2 Nf4 24. Bxf4 exf4 25. Nf3 Nxf3+ 26. Bxf3 Qe5 27. Ne2 Bc5 28. Qc2 a5 29. Qd2 Ra8 30. Nd4 Bd7 31. Ne2 Bd6 32. Nd4 h5 33. Ne2 Rfc8 34. Qd4 b4 35. axb4 axb4 36. Ra1 Qxd4 37. Nxd4 Be5 38. Red1 Rxa1 39. Rxa1 Bxd4 40. Ra7 Bxa7 0-1

[Event "Titled Tuesday intern op 30th Jul Early"]
[Site "Chess.com INT"]
[Date "2024.07.30"]
[Round "4"]
[White "Da Silva, Erick Feitosa"]
[Black "Vargas Benavides, Mauricio"]
[Result "1-0"]
[WhiteElo "2052"]
[BlackElo "2000"]
[PlyCount "61"]
[EventDate "2024.07.30"]
[EventType "swiss (blitz)"]
[EventRounds "11"]
[EventCountry "USA"]
[SourceTitle "EXT 2025"]
[Source "ChessBase"]
[SourceDate "2024.10.14"]
[SourceVersion "1"]
[SourceVersionDate "2024.10.14"]
[SourceQuality "1"]

1. c4 e5 2. Nc3 Nc6 3. Nf3 Nf6 4. g3 g6 5. Bg2 Bg7 6. 0-0 0-0 7. d4 e4 8. Ng5 Re8 9. Ngxe4 Nxe4 10. Bxe4 Nxd4 11. Be3 Ne6 12. Qd2 h5 13. Rad1 d6 14. Bg2 h4 15. Qc2 Nf8 16. c5 h3 17. Bf3 Bf5 18. Qb3 Rb8 19. cxd6 cxd6 20. Bxa7 Be6 21. Bd5 Ra8 22. Bb6 Qd7 23. Bxe6 Nxe6 24. Ne4 Qc6 25. f3 Nc5 26. Bxc5 dxc5 27. Rd6 Qc7 28. Rxg6 Rxe4 29. fxe4 Qe5 30. Qxf7+ Kh8 31. Qxb7 1-0

[Event "Titled Tuesday intern op 30th Jul Early"]
[Site "Chess.com INT"]
[Date "2024.07.30"]
[Round "2"]
[White "Orzech, Dominik"]
[Black "Da Silva, Erick Feitosa"]
[Result "1-0"]
[WhiteElo "2248"]
[BlackElo "2052"]
[PlyCount "67"]
[EventDate "2024.07.30"]
[EventType "swiss (blitz)"]
[EventRounds "11"]
[EventCountry "USA"]
[SourceTitle "EXT 2025"]
[Source "ChessBase"]
[SourceDate "2024.10.14"]
[SourceVersion "1"]
[SourceVersionDate "2024.10.14"]
[SourceQuality "1"]

1. d4 d5 2. Nf3 Nf6 3. c4 e6 4. Nc3 Be7 5. cxd5 exd5 6. Bg5 0-0 7. Qc2 c6 8. e3 Nbd7 9. Bd3 Re8 10. 0-0 Nf8 11. Rab1 Bg4 12. Ne5 Bh5 13. b4 a6 14. a4 Ng6 15. b5 axb5 16. axb5 Nxe5 17. dxe5 Ne4 18. Bxe7 Qxe7 19. Nxe4 dxe4 20. Bxe4 Qxe5 21. Bxh7+ Kh8 22. bxc6 g6 23. Rxb7 Rf8 24. h3 Kxh7 25. g4 Qg5 26. Qc4 Kg7 27. Kh2 Qe5+ 28. Qf4 Qd5 29. Rc1 Bxg4 30. hxg4 Rh8+ 31. Kg3 Rh1 32. Rxh1 Qxh1 33. Qxf7+ Kh8 34. Qg7# 1-0

[Event "Titled Tuesday intern op 27th Feb Early"]
[Site "Chess.com INT"]
[Date "2024.02.27"]
[Round "4"]
[White "Vargas Benavides, Mauricio"]
[Black "Da Silva, Erick Feitosa"]
[Result "0-1"]
[WhiteElo "1957"]
[BlackElo "2062"]
[PlyCount "74"]
[EventDate "2024.02.27"]
[EventType "swiss (blitz)"]
[EventRounds "11"]
[EventCountry "USA"]
[SourceTitle "EXT 2025"]
[Source "ChessBase"]
[SourceDate "2024.10.14"]
[SourceVersion "1"]
[SourceVersionDate "2024.10.14"]
[SourceQuality "1"]

1. e4 e5 2. Nf3 Nc6 3. d4 exd4 4. Bc4 Bc5 5. c3 Nf6 6. e5 d5 7. Bb5 Ne4 8. cxd4 Bb4+ 9. Nbd2 0-0 10. 0-0 Bg4 11. Qb3 Nxd2 12. Nxd2 Bxd2 13. Bxd2 Nxd4 14. Qd3 Be2 15. Qxd4 Bxb5 16. Rfc1 c6 17. Re1 Re8 18. f4 Qb6 19. Qxb6 axb6 20. Be3 c5 21. b3 Ra6 22. a4 Bc6 23. Bf2 d4 24. Rec1 Bd5 25. b4 Rc8 26. bxc5 bxc5 27. Bxd4 Rac6 28. Bf2 c4 29. a5 c3 30. Bd4 c2 31. Ra3 h6 32. Re3 Kh7 33. Re2 Kg6 34. g3 Bf3 35. Rd2 Bd1 36. Kf2 Kf5 37. Ke3 Rc4 0-1

[Event "BRA-ch U26"]
[Site "Joinville"]
[Date "2023.10.12"]
[Round "5"]
[White "Quadros, Gustavo Martins De"]
[Black "Da Silva, Erick Feitosa"]
[Result "0-1"]
[WhiteElo "1698"]
[BlackElo "2074"]
[PlyCount "60"]
[EventDate "2023.10.09"]
[EventType "swiss"]
[EventRounds "6"]
[EventCountry "BRA"]
[SourceTitle "CBM 216 Extra"]
[Source "ChessBase"]
[SourceDate "2023.11.30"]
[SourceVersion "1"]
[SourceVersionDate "2023.11.30"]
[SourceQuality "1"]

1. e4 e5 2. d4 exd4 3. Qxd4 Nc6 4. Qd3 d6 5. Bd2 Nf6 6. Nc3 Be7 7. 0-0-0 a6 8. h4 Ne5 9. f3 b5 10. Nh3 Nh5 11. f4 Ng4 12. Qf3 Bd7 13. f5 Nhf6 14. Nf4 c6 15. Be2 b4 16. Nb1 Ne5 17. Qe3 Qa5 18. a3 c5 19. axb4 cxb4 20. Qd4 Rb8 21. Nd3 Nc6 22. Qc4 0-0 23. g4 Rfc8 24. g5 d5 25. exd5 Nxd5 26. Nf4 Nb6 27. Qxa6 Nd4 28. Na3 Qxa6 29. Bxa6 bxa3 30. Kb1 a2+ 0-1

[Event "Titled Tuesday intern op 25th Apr Early"]
[Site "Chess.com INT"]
[Date "2023.04.25"]
[Round "2"]
[White "Da Silva, Erick Feitosa"]
[Black "Hua, Lefong"]
[Result "1-0"]
[WhiteElo "2024"]
[BlackElo "2305"]
[PlyCount "83"]
[EventDate "2023.04.25"]
[EventType "swiss (blitz)"]
[EventRounds "11"]
[EventCountry "USA"]
[SourceTitle "EXT 2024"]
[Source "ChessBase"]
[SourceDate "2023.10.10"]
[SourceVersion "1"]
[SourceVersionDate "2023.10.10"]
[SourceQuality "1"]

1. c4 Nf6 2. Nc3 g6 3. Nf3 Bg7 4. e4 d6 5. d4 0-0 6. Be2 Bg4 7. 0-0 Nfd7 8. h3 Bxf3 9. Bxf3 Nc6 10. Be3 e5 11. d5 Nd4 12. Bxd4 exd4 13. Ne2 d3 14. Qxd3 Bxb2 15. Rab1 Bg7 16. Nd4 a5 17. Bd1 Qf6 18. Nb5 Nc5 19. Qe2 Qe7 20. Re1 Rae8 21. Bc2 f5 22. f3 f4 23. Red1 g5 24. Nd4 Bxd4+ 25. Rxd4 h5 26. Re1 Qf6 27. Qf2 Qe5 28. Red1 Re7 29. Bb1 Rg7 30. Qd2 g4 31. fxg4 hxg4 32. hxg4 Rxg4 33. Rf1 f3 34. Rf2 Rf6 35. Qe3 Rfg6 36. Rdd2 Qa1 37. Qe1 Nxe4 38. Rxf3 Nxd2 39. Qe8+ Kh7 40. Rf7+ Kh6 41. Qh8+ Kg5 42. Rf5# 1-0

[Event "Recife PE22"]
[Site "Recife"]
[Date "2023.04.05"]
[Round "1"]
[White "Araujo, Henrique Jose Morai"]
[Black "Da Silva, Erick Feitosa"]
[Result "1/2-1/2"]
[WhiteElo "2015"]
[BlackElo "2024"]
[PlyCount "103"]
[EventDate "2023.04.05"]
[EventType "tourn"]
[EventRounds "9"]
[EventCountry "BRA"]
[SourceTitle "CBM 213 Extra"]
[Source "ChessBase"]
[SourceDate "2023.05.31"]
[SourceVersion "1"]
[SourceVersionDate "2023.05.31"]
[SourceQuality "1"]

1. e4 e5 2. Nf3 Nc6 3. Bc4 Bc5 4. d3 Nf6 5. Nc3 h6 6. a3 a6 7. Qe2 d6 8. h3 Qe7 9. Be3 Nd4 10. Bxd4 exd4 11. Nd5 Nxd5 12. Bxd5 c6 13. Bb3 0-0 14. 0-0 d5 15. Rfe1 dxe4 16. Qxe4 Qf6 17. Qe5 Qxe5 18. Nxe5 Bb6 19. Nxf7 Kh7 20. Re7 Bc5 21. Re5 b6 22. Re2 Ra7 23. Ne5 Re7 24. Rae1 Rf6 25. Ng4 Bxg4 26. Rxe7 Bxe7 27. Rxe7 Bf5 28. g4 Bg6 29. Re6 Rxe6 30. Bxe6 Be8 31. f4 Kg6 32. Kf2 Kf6 33. Bc8 a5 34. Kf3 c5 35. Bb7 Ba4 36. b3 Bd7 37. a4 Be8 38. Ke4 Bf7 39. Bd5 Be8 40. h4 Bd7 41. Kf3 h5 42. gxh5 Be8 43. Kg4 Bd7+ 44. Kg3 Be8 45. Bf3 Bd7 46. Be4 Be8 47. Kg4 Bd7+ 48. Kg3 Be8 49. Bg6 Bd7 50. f5 Bc6 51. Kf4 Bg2 52. Kg3 1/2-1/2

[Event "Titled Tuesday intern op 21st Mar Late"]
[Site "Chess.com INT"]
[Date "2023.03.21"]
[Round "3"]
[White "Lorenzo de la Riva, Lazaro"]
[Black "Da Silva, Erick Feitosa"]
[Result "1/2-1/2"]
[WhiteElo "2420"]
[BlackElo "2011"]
[PlyCount "130"]
[EventDate "2023.03.21"]
[EventType "swiss (blitz)"]
[EventRounds "11"]
[EventCountry "USA"]
[SourceTitle "EXT 2024"]
[Source "ChessBase"]
[SourceDate "2023.10.10"]
[SourceVersion "1"]
[SourceVersionDate "2023.10.10"]
[SourceQuality "1"]

1. d3 d5 2. Nf3 Nf6 3. g3 e6 4. Bg2 Be7 5. b3 0-0 6. Bb2 b6 7. 0-0 Bb7 8. Nbd2 Nbd7 9. Qe1 c5 10. e4 Rc8 11. e5 Ne8 12. h4 d4 13. a4 g6 14. Nc4 Ng7 15. Bc1 Nf5 16. Bf4 Qc7 17. Nfd2 Bxg2 18. Kxg2 a6 19. Ne4 b5 20. axb5 axb5 21. Ncd6 Bxd6 22. exd6 Qc6 23. g4 Nxh4+ 24. Kg3 f5 25. Kxh4 fxe4 26. Bg3 e5 27. Qxe4 Qxd6 28. Ra7 Qe6 29. Re1 Nf6 30. Qe2 Rce8 31. f3 Nd7 32. Kh3 h5 33. Kg2 hxg4 34. fxg4 Rf7 35. Qe4 Rg7 36. g5 Rh7 37. Kg1 Nf6 38. gxf6 Rxa7 39. Qxg6+ Kf8 40. Rxe5 Qf7 41. Rxe8+ Kxe8 42. Qe4+ Kf8 43. Bd6+ Kg8 44. Qg4+ Kh8 45. Qh4+ Qh7 46. Qg5 Rf7 47. Be5 Qg8 48. Qg2 Qxg2+ 49. Kxg2 Kh7 50. Kf3 Kg6 51. Ke4 c4 52. bxc4 bxc4 53. dxc4 Rd7 54. Bxd4 Rc7 55. c5 Kf7 56. Kd5 Ra7 57. c6 Ra2 58. c4 Ra5+ 59. Kd6 Ra6 60. Kd7 Ra2 61. c7 Rd2 62. c8Q Rxd4+ 63. Kc7 Rxc4+ 64. Kb7 Rxc8 65. Kxc8 Kxf6 1/2-1/2

[Event "Titled Tuesday intern op 7th Mar Early"]
[Site "Chess.com INT"]
[Date "2023.03.07"]
[Round "1"]
[White "Borrmann, Laurenz"]
[Black "Da Silva, Erick Feitosa"]
[Result "1-0"]
[WhiteElo "2331"]
[BlackElo "2011"]
[PlyCount "35"]
[EventDate "2023.03.07"]
[EventType "swiss (blitz)"]
[EventRounds "11"]
[EventCountry "USA"]
[SourceTitle "EXT 2024"]
[Source "ChessBase"]
[SourceDate "2023.10.10"]
[SourceVersion "1"]
[SourceVersionDate "2023.10.10"]
[SourceQuality "1"]

1. e4 e5 2. Nc3 Nc6 3. g3 Nf6 4. Bg2 Bc5 5. Nge2 0-0 6. 0-0 d6 7. h3 Be6 8. Na4 Qe7 9. Nxc5 dxc5 10. f4 Bc4 11. d3 Bb5 12. Nc3 Ba6 13. f5 Nd4 14. Bg5 h6 15. Nd5 Qd6 16. Nxf6+ Kh8 17. Qh5 g6 18. Qxh6# 1-0